000 00456nam a2200181Ia 4500
001 13073
005 20260306163027.0
008 260306t2016||||xx |||||||||||||| ||spa||
041 _aESP
082 _aRD 792.03
_bP31
100 _aPavis, Patrice
_eAUT
245 0 _aDiccionario del teatro:
_bdramaturgia, estética, semiología
260 _c2016
300 _a558 páginas :
_c24 cm.
650 _aGEN
654 _aCHU
942 _cDIC
_dJUS
_fJUS
_2ddc
_n
999 _c13073
_d13073